00809 a2200169 4500003000500000005001700005040000900022082001400031100002400045245004700069250001200116260004400128300002700172505039300199600002400592650002300616Nust20221222092355.0 cNust a330.9,KHA aM. Fazle Karim Khan aEconomic geography / cM. Fazle Karim Khan a11th ed aKarachibSaleem Publlishing Housec1998 ax, 286 pbillusc19 cm aThe Field Of Economic Geography (Page-1), Environment (Page-10), Population (Page-33), Fishing (Page-54), Lumbering (Page-65), Farming (Page-74), Crops (Page-99), Minerals (Page-161), Power Resources (Page-183), Manufacturing (Page-217), Iron And Steel And High Technology Industries (Page-229), Textile Industries (Page-245), Trade And Trade Centre (Page-256), Transportation (Page-272). aM. Fazle Karim Khan aEconomic geography